LEADER 01264nam--2200373---450- 001 990003011080203316 005 20091222104356.0 010 $a88-14-12946-0 035 $a000301108 035 $aUSA01000301108 035 $a(ALEPH)000301108USA01 035 $a000301108 100 $a20071112d2007----km-y0itay50------ba 101 $aita 102 $aIT 105 $a||||||||001yy 200 1 $a<> protezione civile$eprofili costituzionali e amministrativi, riflessi penali$fFabrizio Gandini, Andrea Montagni 210 $aMilano$cGiuffre$d2007 215 $aXIV, 245 p.$d21 cm 225 2 $aTeoria e pratica del diritto$hSez. 4, Diritto amministrativo 410 0$12001$aTeoria e pratica del diritto$hSez. 4, Diritto amministrativo 606 0 $aProtezione civile$xLegislazione 676 $a344.450534 700 1$aGANDINI,$bFabrizio$0599234 701 1$aMONTAGNI,$bAndrea$0269144 801 0$aIT$bsalbc$gISBD 912 $a990003011080203316 951 $aXXIV.3. Coll. 6/ 80 (COLL ZJ/IV 76)$b56689 G.$cXXIV.3. Coll. 6/ 80 (COLL ZJ/IV)$d00161803 959 $aBK 969 $aGIU 979 $aIANNONE$b90$c20071112$lUSA01$h1310 979 $aRSIAV4$b90$c20091222$lUSA01$h1043 996 $aProtezione civile$91024560 997 $aUNISA LEADER 02655nam 2200685 450 001 9910813506303321 005 20230803201933.0 010 $a1-118-54935-X 010 $a1-118-54933-3 035 $a(CKB)3710000000093455 035 $a(EBL)1651184 035 $a(SSID)ssj0001211635 035 $a(PQKBManifestationID)11715524 035 $a(PQKBTitleCode)TC0001211635 035 $a(PQKBWorkID)11204707 035 $a(PQKB)10678953 035 $a(PQKBManifestationID)16122203 035 $a(PQKB)22703315 035 $a(MiAaPQ)EBC1651184 035 $a(DLC) 2015299035 035 $a(JP-MeL)3000029487 035 $a(CaSebORM)9781118549339 035 $a(Au-PeEL)EBL1651184 035 $a(CaPaEBR)ebr10849248 035 $a(CaONFJC)MIL584485 035 $a(OCoLC)874321753 035 $a(EXLCZ)993710000000093455 100 $a20140326h20142014 uy 0 101 0 $aeng 135 $aur|n|---||||| 181 $ctxt 182 $cc 183 $acr 200 10$a1,001 chemistry practice problems for dummies /$fby Heather Hattori and Richard H. Langley 205 $a1st edition 210 1$aHoboken, New Jersey :$cJohn Wiley & Sons,$d2014. 210 4$dİ2014 215 $a1 online resource (435 p.) 225 1 $aFor Dummies 300 $aIncludes index. 311 $a1-118-54932-5 327 $aIntroduction -- The questions. Units and unit conversions ; Scientific notation and significant figures ; Matter and energy ; The atom and nuclear chemistry ; Periodicity and the periodic table ; Ionic bonding ; Covalent bonding ; Chemical reactions ; Molar calculations ; Thermochemistry ; Gases ; Solutions (The chemistry kind) ; Acids and bases ; Graphing basics -- The answers. Answers and explanations -- Appendix: The periodic table of elements. 330 $aThis handy guide gives you opportunities to practice solving problems that you'll encounter in your chemistry course. Every practice questions includes not only a solution but a detailed explanation.--$cSource other than Library of Congress. 410 0$a--For dummies. 606 $aChemistry$vProblems, exercises, etc 606 $aChemistry$vExaminations, questions, etc 606 $aChemistry$xExaminations$vStudy guides 615 0$aChemistry 615 0$aChemistry 615 0$aChemistry$xExaminations 676 $a540.76 700 $aHattori$b Heather$01139519 702 $aLangley$b Richard H. 801 0$bMiAaPQ 801 1$bMiAaPQ 801 2$bMiAaPQ 906 $aBOOK 912 $a9910813506303321 996 $a1,001 chemistry practice problems for dummies$94082917 997 $aUNINA